000 01338nam a22002657a 4500
005 20240305165612.0
007 cr|||| ||||
008 210819s2015 br |||||s|||| 00||0 por d
020 _a978-85-8310-047-8
035 _a35101
040 _avLex
090 _c12063
_d12063
100 1 _ade Barros Carvalho, Paulo
245 1 0 _a Imunidade das instituições religiosas
_h[Recurso electrónico] /
_cPaulo de Barros Carvalho, Ives Gandra Da Silva Martins
256 _aServicio en línea
260 _aSan Pablo:
_bEditora Noeses,
_c2015
300 _a1 recurso electrónico
500 _aContém quinze estudos de renomados autores da área jurídica sobre temas fundamentais para a UJUSCASP: a liberdade religiosa e a imunidade de impostos e contribuições sociais que o constituinte assegura aos templos e instituições vinculadas.
506 1 _aDisponible solo en los productos indicados
_dvLex Global
_dvLex Global (Academic Edition, excluding Law Schools)
_dvLex Global (U.S. Academic Edition, Law Schools)
_dvLex Global (U.S. Academic Edition, excluding Law Schools)
_dvLex Global (Academic Edition, Law Schools)
650 0 4 _aFilosofía y religión
_zBrasil
700 1 _aDa Silva Martins, Ives Gandra
740 0 _avLex Libros (Servicio en línea)
856 4 0 _uhttps://app.vlex.com/#/sources/35101
942 _cRAA
999 _c170299
_d170299